[Event "Titled Tuesday intern op 13th Aug Early"]
[Site "Chess.com INT"]
[Date "2024.08.13"]
[Round "11"]
[White "Paquico Rodriguez, Ivan"]
[Black "Kazantzoglou, Stefanos"]
[Result "1-0"]
[WhiteElo "2183"]
[BlackElo "2197"]
[PlyCount "91"]
[EventDate "2024.08.13"]
[EventType "swiss (blitz)"]
[EventRounds "11"]
[EventCountry "USA"]
[SourceTitle "EXT 2025"]
[Source "ChessBase"]
[SourceDate "2024.10.14"]
[SourceVersion "1"]
[SourceVersionDate "2024.10.14"]
[SourceQuality "1"]

1. d4 d5 2. c4 e6 3. Nc3 c5 4. e3 Nf6 5. Nf3 a6 6. a3 Nc6 7. dxc5 Bxc5 8. b4 Bb6 9. Bb2 0-0 10. Qc2 Qe7 11. cxd5 exd5 12. Bd3 d4 13. Na4 Ba7 14. 0-0 dxe3 15. fxe3 Qxe3+ 16. Kh1 Ng4 17. Bxh7+ Kh8 18. Nc5 Bxc5 19. bxc5 Qh6 20. Be4 f5 21. Bd3 f4 22. Rfe1 Be6 23. Rad1 Rad8 24. h3 Ne3 25. Qe2 Bd5 26. Rc1 Bxf3 27. Qxf3 Rxd3 28. Ba1 Rfd8 29. Rg1 Nf5 30. Qg4 Ng3+ 31. Kh2 Nd4 32. Rce1 Qh5 33. Qxf4 Nge2 34. Qc7 Rg8 35. Rgf1 Qg5 36. Rf2 Rd2 37. Ref1 Nc1 38. Rxd2 Qxd2 39. Rxc1 Qxc1 40. Bxd4 Qd2 41. Qe5 Qh6 42. Be3 Qf6 43. Qh5+ Qh6 44. Bxh6 g6 45. Qh4 Kh7 46. Bf8# 1-0

[Event "Andorra op 40th"]
[Site "Escaldes"]
[Date "2024.07.28"]
[Round "9"]
[White "Paquico Rodriguez, Ivan"]
[Black "Sibashvili, Giorgi"]
[Result "0-1"]
[WhiteElo "2184"]
[BlackElo "2436"]
[PlyCount "88"]
[EventDate "2024.07.20"]
[EventType "swiss"]
[EventRounds "9"]
[EventCountry "AND"]
[SourceTitle "CBM 221 Extra"]
[Source "ChessBase"]
[SourceDate "2024.09.30"]
[SourceVersion "1"]
[SourceVersionDate "2024.09.30"]
[SourceQuality "1"]

1. Nf3 d5 2. b3 Bf5 3. Bb2 e6 4. g3 h6 5. Bg2 Nf6 6. d3 Be7 7. Nbd2 0-0 8. 0-0 c6 9. Ne5 a5 10. a4 Nbd7 11. e4 Bh7 12. Qe2 Nxe5 13. Bxe5 Re8 14. Kh1 b5 15. f4 Nd7 16. Bb2 Nb6 17. Qg4 Bf6 18. e5 Be7 19. Qh5 bxa4 20. bxa4 c5 21. g4 Qd7 22. f5 Nxa4 23. fxe6 fxe6 24. Ba3 Rf8 25. Nb3 Rxf1+ 26. Rxf1 Rf8 27. Nxa5 Nc3 28. Bb2 Ne2 29. Rxf8+ Kxf8 30. g5 Nf4 31. Qf3 hxg5 32. Bc1 Qa4 33. Nb3 Bf5 34. Bxf4 Qxf4 35. Qxf4 gxf4 36. Nd2 g5 37. c4 g4 38. cxd5 f3 39. Nxf3 gxf3 40. Bxf3 exd5 41. Be2 Kf7 42. Kg2 Ke6 43. Kf2 Kxe5 44. Ke1 Kd4 0-1

[Event "Andorra op 40th"]
[Site "Escaldes"]
[Date "2024.07.27"]
[Round "8"]
[White "Vora, Tanish"]
[Black "Paquico Rodriguez, Ivan"]
[Result "0-1"]
[WhiteElo "1783"]
[BlackElo "2184"]
[PlyCount "54"]
[EventDate "2024.07.20"]
[EventType "swiss"]
[EventRounds "9"]
[EventCountry "AND"]
[SourceTitle "CBM 221 Extra"]
[Source "ChessBase"]
[SourceDate "2024.09.30"]
[SourceVersion "1"]
[SourceVersionDate "2024.09.30"]
[SourceQuality "1"]

1. e4 d6 2. d4 g6 3. Nf3 Bg7 4. Nc3 a6 5. a4 b6 6. Be3 Bb7 7. Bc4 e6 8. h3 Nd7 9. 0-0 Ngf6 10. d5 e5 11. Qe2 0-0 12. Rfb1 h6 13. Qd2 Kh7 14. b4 Nh5 15. Ne2 Qe7 16. Nh2 f5 17. f3 fxe4 18. fxe4 Qh4 19. Bd3 Nf4 20. Nf3 Nxh3+ 21. Kh2 Rxf3 22. gxf3 Ng5+ 23. Kg2 Qh3+ 24. Kf2 Qh2+ 25. Kf1 Nxf3 26. Qc1 Rf8 27. Bf2 Qh3# 0-1

[Event "Andorra op 40th"]
[Site "Escaldes"]
[Date "2024.07.26"]
[Round "7"]
[White "Paquico Rodriguez, Ivan"]
[Black "Druska, Juraj"]
[Result "0-1"]
[WhiteElo "2184"]
[BlackElo "2462"]
[PlyCount "98"]
[EventDate "2024.07.20"]
[EventType "swiss"]
[EventRounds "9"]
[EventCountry "AND"]
[SourceTitle "CBM 221 Extra"]
[Source "ChessBase"]
[SourceDate "2024.09.30"]
[SourceVersion "1"]
[SourceVersionDate "2024.09.30"]
[SourceQuality "1"]

1. Nf3 c5 2. b3 d5 3. e3 Nc6 4. Bb2 e6 5. d4 Nf6 6. Nbd2 cxd4 7. exd4 g6 8. Bb5 Bg7 9. Bxc6+ bxc6 10. Ne5 Nd7 11. Nxd7 Bxd7 12. 0-0 c5 13. Nf3 cxd4 14. Bxd4 f6 15. Bc5 Kf7 16. Qd2 Qc7 17. Be3 Rhc8 18. c4 dxc4 19. bxc4 e5 20. Rfc1 Bc6 21. Qd1 Rd8 22. Qe2 Qc8 23. Rd1 Qa6 24. Nd2 Rac8 25. Qf1 Bf8 26. f3 Qa3 27. Nb3 a5 28. Rd3 Rxd3 29. Qxd3 a4 30. Bc1 Qe7 31. Nd2 Rd8 32. Qe2 Qd7 33. Rb1 Bc5+ 34. Kh1 Qd4 35. Qf1 f5 36. a3 Qc3 37. Qe2 Qc2 38. Qe1 Qc3 39. Qh4 Qd4 40. Qxh7+ Kf6 41. Bb2 Qxd2 42. Bxe5+ Kxe5 43. Qc7+ Rd6 44. Qb8 Kd4 45. h3 Kxc4 46. Qg8+ Kc3 47. Qh8+ Qd4 48. Qh6 Bxa3 49. Re1 Bb2 0-1

[Event "Andorra op 40th"]
[Site "Escaldes"]
[Date "2024.07.24"]
[Round "5"]
[White "Paquico Rodriguez, Ivan"]
[Black "Cabarcos Baulina, Manuel"]
[Result "1-0"]
[WhiteElo "2184"]
[BlackElo "1947"]
[PlyCount "45"]
[EventDate "2024.07.20"]
[EventType "swiss"]
[EventRounds "9"]
[EventCountry "AND"]
[SourceTitle "CBM 221 Extra"]
[Source "ChessBase"]
[SourceDate "2024.09.30"]
[SourceVersion "1"]
[SourceVersionDate "2024.09.30"]
[SourceQuality "1"]

1. Nf3 d5 2. b3 Bf5 3. Bb2 e6 4. g3 h6 5. Bg2 Nf6 6. d3 Be7 7. Nbd2 0-0 8. 0-0 c6 9. Ne5 Bh7 10. e4 Nbd7 11. Nxd7 Nxd7 12. e5 f6 13. Nf3 Bg6 14. Qe2 f5 15. Nd4 Bf7 16. c4 dxc4 17. dxc4 a6 18. Rad1 c5 19. Nxf5 exf5 20. e6 Be8 21. exd7 Bxd7 22. Bxb7 Ra7 23. Bc6 1-0

[Event "Titled Tuesday intern op 16th Jul Early"]
[Site "Chess.com INT"]
[Date "2024.07.16"]
[Round "3"]
[White "Azevedo, Alcides Alexandre"]
[Black "Paquico Rodriguez, Ivan"]
[Result "0-1"]
[WhiteElo "2054"]
[BlackElo "2184"]
[PlyCount "68"]
[EventDate "2024.07.16"]
[EventType "swiss (blitz)"]
[EventRounds "11"]
[EventCountry "USA"]
[SourceTitle "EXT 2025"]
[Source "ChessBase"]
[SourceDate "2024.10.14"]
[SourceVersion "1"]
[SourceVersionDate "2024.10.14"]
[SourceQuality "1"]

1. e4 d6 2. d4 g6 3. c4 Bg7 4. Nc3 e5 5. d5 Ne7 6. Nf3 f5 7. Be2 0-0 8. 0-0 h6 9. Ne1 Kh7 10. f3 Nd7 11. Be3 Nf6 12. Nd3 f4 13. Bf2 g5 14. c5 Ng6 15. cxd6 cxd6 16. Rc1 Rf7 17. Qb3 h5 18. Qb4 Bf8 19. Rc2 g4 20. Rfc1 h4 21. fxg4 Bxg4 22. Nb5 Bxe2 23. Rxe2 Ng4 24. Bxa7 Qg5 25. Kh1 f3 26. gxf3 Rxf3 27. Qd2 Nf4 28. Nxf4 Rxf4 29. Rg1 Bh6 30. Qd3 Qf6 31. Qh3 Rg8 32. Nc3 Rf3 33. Qg2 h3 34. Qxh3 Rxh3 0-1

[Event "Titled Tuesday intern op 16th Jul Early"]
[Site "Chess.com INT"]
[Date "2024.07.16"]
[Round "6"]
[White "Banerjee, Supratit"]
[Black "Paquico Rodriguez, Ivan"]
[Result "0-1"]
[WhiteElo "2161"]
[BlackElo "2184"]
[PlyCount "154"]
[EventDate "2024.07.16"]
[EventType "swiss (blitz)"]
[EventRounds "11"]
[EventCountry "USA"]
[SourceTitle "EXT 2025"]
[Source "ChessBase"]
[SourceDate "2024.10.14"]
[SourceVersion "1"]
[SourceVersionDate "2024.10.14"]
[SourceQuality "1"]

1. e4 d6 2. d4 g6 3. Nc3 Bg7 4. Nf3 a6 5. Be2 b5 6. a3 Nd7 7. 0-0 Bb7 8. Re1 c5 9. dxc5 Nxc5 10. Bd3 Nf6 11. Be3 Ne6 12. Rb1 0-0 13. Qe2 Rc8 14. Nd4 Nc5 15. f3 e5 16. Nb3 Nxb3 17. cxb3 d5 18. exd5 Nxd5 19. Bd2 Nf4 20. Bxf4 exf4 21. Ne4 Qd4+ 22. Kh1 Rfd8 23. Bc2 f5 24. Ng5 Qe3 25. Ne6 Rd2 26. Qf1 Qf2 27. Qxf2 Rxf2 28. Bd3 Bh6 29. b4 Bd5 30. Nc5 Bg7 31. h3 Bd4 32. Ne6 Bb6 33. Nxf4 Rd8 34. Nxd5 Rxd5 35. Rbd1 Kg7 36. Re7+ Kh6 37. Ree1 Rxb2 38. Bf1 Rxd1 39. Rxd1 Rb3 40. Ra1 Bd4 41. Rd1 Bf2 42. f4 Rxa3 43. g4 Bg3 44. Kg2 fxg4 45. hxg4 Bxf4 46. Be2 Kg5 47. Rd5+ Kf6 48. Rd7 Ra2 49. Kf3 g5 50. Rxh7 Ra3+ 51. Kf2 Be3+ 52. Kg2 Bf4 53. Bf3 Ke5 54. Re7+ Kd4 55. Re4+ Kd3 56. Re8 Ra2+ 57. Kf1 Rb2 58. Be2+ Kd4 59. Re6 Rxb4 60. Rxa6 Be3 61. Kg2 Bf4 62. Kf3 Rb3+ 63. Kf2 Rb2 64. Ra8 Be3+ 65. Kf3 Bf4 66. Rd8+ Kc5 67. Rc8+ Kb6 68. Rg8 b4 69. Bd3 Kc5 70. Ke4 b3 71. Rc8+ Kb4 72. Rc6 Rd2 73. Rb6+ Kc3 74. Rc6+ Kb2 75. Rb6 Rd1 76. Bc4 Re1+ 77. Kf5 Re3 0-1

[Event "Titled Tuesday intern op 16th Jul Early"]
[Site "Chess.com INT"]
[Date "2024.07.16"]
[Round "1"]
[White "Paquico Rodriguez, Ivan"]
[Black "Ahmad, Khagan"]
[Result "0-1"]
[WhiteElo "2184"]
[BlackElo "2404"]
[PlyCount "96"]
[EventDate "2024.07.16"]
[EventType "swiss (blitz)"]
[EventRounds "11"]
[EventCountry "USA"]
[SourceTitle "EXT 2025"]
[Source "ChessBase"]
[SourceDate "2024.10.14"]
[SourceVersion "1"]
[SourceVersionDate "2024.10.14"]
[SourceQuality "1"]

1. d4 Nf6 2. c4 e6 3. Nc3 Bb4 4. e3 0-0 5. Nge2 d5 6. a3 Be7 7. Nf4 dxc4 8. Bxc4 c5 9. dxc5 Qxd1+ 10. Nxd1 Bxc5 11. b4 Bd6 12. Bb2 b6 13. Nc3 Bb7 14. Nb5 Bxf4 15. exf4 Nbd7 16. 0-0 Ba6 17. a4 Rac8 18. Bb3 Bxb5 19. axb5 Rc7 20. Rfc1 Rfc8 21. Rd1 h6 22. f3 Nf8 23. Be5 Rb7 24. Kf2 Ng6 25. Bxf6 gxf6 26. g3 Rc3 27. Rab1 Rbc7 28. h4 Ne7 29. Rd8+ Kg7 30. g4 Ng6 31. Kg3 Re3 32. Bd1 e5 33. fxe5 fxe5 34. Ra1 Nf4 35. g5 hxg5 36. hxg5 Ne6 37. Rd5 Nxg5 38. Kf2 Rcc3 39. Rxa7 Nxf3 40. Rdd7 Ng5 41. Bh5 Ne4+ 42. Kg1 Re1+ 43. Kg2 Rc2+ 44. Kf3 Rf2+ 45. Kg4 Rg1+ 46. Kh3 Rg3+ 47. Kh4 Rf4+ 48. Bg4 Rfxg4+ 0-1